[Event "URU-ch Seniors 50"]
[Site "Montevideo"]
[Date "2018.06.17"]
[Round "5.6"]
[White "Leon Lacuesta, Diego"]
[Black "Schenck, Wilde"]
[Result "0-1"]
[WhiteElo "1415"]
[BlackElo "1584"]
[PlyCount "117"]
[EventDate "2018.06.15"]
[EventType "swiss"]
[EventRounds "5"]
[EventCountry "URU"]
[SourceTitle "EXT 2019"]
[Source "ChessBase"]
[SourceDate "2018.10.10"]
[SourceVersion "1"]
[SourceVersionDate "2018.10.10"]
[SourceQuality "1"]

1. e4 Nf6 2. Nc3 e5 3. Nf3 d6 4. Bc4 Be7 5. d3 h6 6. Be3 0-0 7. Qd2 c6 8. 0-0-0 Ng4 9. h4 Nxe3 10. Qxe3 Bg4 11. Rdg1 a5 12. a3 b5 13. Ba2 b4 14. Ne2 Na6 15. a4 Nc5 16. d4 Nxa4 17. dxe5 dxe5 18. Nxe5 Bxe2 19. Nxc6 Qc7 20. Nxe7+ Qxe7 21. Qxe2 Qe5 22. Qc4 Qxb2+ 23. Kd2 Rad8+ 24. Ke3 Rc8 25. Qd5 Qc3+ 26. Kf4 Rc5 27. Qd6 Qxc2 28. Bd5 Qxf2+ 29. Kg4 Rc3 30. g3 Qf3+ 31. Kh3 h5 32. Qg6 Kh8 33. Qg5 f5 34. Rf1 Qg4+ 35. Qxg4 fxg4+ 36. Kg2 Rc2+ 37. Kg1 Rxf1+ 38. Kxf1 Rc1+ 39. Kg2 Rxh1 40. Kxh1 Nc5 41. e5 b3 42. e6 b2 43. Ba2 Nxe6 44. Kg2 a4 45. Kf2 Nd4 46. Ke3 Nf5+ 47. Kf4 g6 48. Bb1 a3 49. Ba2 Kg7 50. Bb1 Kf6 51. Ba2 Ne7 52. Ke3 g5 53. hxg5+ Kxg5 54. Kd2 Nf5 55. Kc3 Nxg3 56. Kb3 Ne2 57. Bb1 Kf4 58. Kxa3 Nc3 59. Bc2 0-1

[Event "URU-ch Seniors 50"]
[Site "Montevideo"]
[Date "2018.06.16"]
[Round "2.9"]
[White "Leon Lacuesta, Diego"]
[Black "Castagnet, Carlos"]
[Result "1/2-1/2"]
[WhiteElo "1415"]
[BlackElo "1611"]
[PlyCount "89"]
[EventDate "2018.06.15"]
[EventType "swiss"]
[EventRounds "5"]
[EventCountry "URU"]
[SourceTitle "EXT 2019"]
[Source "ChessBase"]
[SourceDate "2018.10.10"]
[SourceVersion "1"]
[SourceVersionDate "2018.10.10"]
[SourceQuality "1"]

1. e4 e5 2. Nf3 Nc6 3. Bb5 d6 4. h3 Bd7 5. Nc3 Nf6 6. d3 Be7 7. Bg5 a6 8. Bc4 Na5 9. Qd2 b5 10. Bb3 Nxb3 11. axb3 c6 12. 0-0 0-0 13. Rfe1 Re8 14. d4 Qc7 15. Red1 Red8 16. Ne2 Nxe4 17. Qe3 Nxg5 18. Nxg5 f6 19. Nf3 Bf5 20. c3 Bc2 21. Rd2 Bxb3 22. Ng3 Be6 23. Nh4 d5 24. Ngf5 e4 25. f4 g5 26. Qg3 Kh8 27. Nxe7 Qxe7 28. fxg5 fxg5 29. Qe5+ Qg7 30. Qxe6 gxh4 31. Qxc6 Qg3 32. Qf6+ Kg8 33. Rxa6 Rxa6 34. Qxd8+ Kg7 35. Qe7+ Kg6 36. Qe8+ Kg7 37. Qe5+ Kg6 38. Qxg3+ hxg3 39. Rd1 Ra2 40. Rb1 Kg5 41. Kf1 Kf4 42. Ke2 h5 43. Rf1+ Kg5 44. Rb1 Kf4 45. Rf1+ 1/2-1/2

[Event "Montevideo Bouza Memorial"]
[Site "Montevideo"]
[Date "2017.07.26"]
[Round "6"]
[White "Leon Lacuesta, Diego"]
[Black "Souto, Andres"]
[Result "1-0"]
[WhiteElo "1412"]
[BlackElo "1344"]
[PlyCount "34"]
[EventDate "2017.07.12"]
[EventType "swiss"]
[EventRounds "7"]
[EventCountry "URU"]
[SourceTitle "EXT 2018"]
[Source "ChessBase"]
[SourceDate "2017.10.13"]
[SourceVersion "1"]
[SourceVersionDate "2017.10.13"]
[SourceQuality "1"]

1. e4 e5 2. Nf3 d6 3. Nc3 Nf6 4. Bc4 Be7 5. d3 Bg4 6. Bg5 Nc6 7. h3 Bxf3 8. Qxf3 Nd4 9. Qd1 h6 10. Bh4 a6 11. Ne2 c5 12. c3 Nxe2 13. Qxe2 b5 14. Bb3 Qb6 15. Bxf6 Bxf6 16. h4 a5 17. Bd5 Ke7 1-0

[Event "Montevideo Bouza Memorial"]
[Site "Montevideo"]
[Date "2017.07.24"]
[Round "5"]
[White "Fernandez Cuneo, Carlos"]
[Black "Leon Lacuesta, Diego"]
[Result "1/2-1/2"]
[WhiteElo "1717"]
[BlackElo "1412"]
[PlyCount "65"]
[EventDate "2017.07.12"]
[EventType "swiss"]
[EventRounds "7"]
[EventCountry "URU"]
[SourceTitle "EXT 2018"]
[Source "ChessBase"]
[SourceDate "2017.10.13"]
[SourceVersion "1"]
[SourceVersionDate "2017.10.13"]
[SourceQuality "1"]

1. e4 e5 2. f4 exf4 3. Nf3 Bb4 4. c3 Ba5 5. d4 Nf6 6. e5 Qe7 7. Bxf4 Ne4 8. Bd3 f5 9. 0-0 h6 10. Bxe4 fxe4 11. Nfd2 0-0 12. Nxe4 d5 13. Ng3 Qh4 14. Qf3 c6 15. Nd2 g5 16. Bxg5 Rxf3 17. Bxh4 Rf7 18. Rxf7 Kxf7 19. Rf1+ Kg6 20. Rf6+ Kh7 21. e6 Na6 22. Nf5 Nc7 23. Rxh6+ Kg8 24. Rg6+ Kh7 25. Rh6+ Kg8 26. Ne7+ Kg7 27. Rg6+ Kh7 28. Nf3 Nxe6 29. Ng5+ Nxg5 30. Bxg5 Bd8 31. Rh6+ Kg7 32. Nf5+ Bxf5 33. Bf4 1/2-1/2

[Event "Montevideo Bouza Memorial"]
[Site "Montevideo"]
[Date "2017.07.21"]
[Round "4"]
[White "Leon Lacuesta, Diego"]
[Black "Savino, Horacio"]
[Result "0-1"]
[WhiteElo "1412"]
[BlackElo "1859"]
[PlyCount "44"]
[EventDate "2017.07.12"]
[EventType "swiss"]
[EventRounds "7"]
[EventCountry "URU"]
[SourceTitle "EXT 2018"]
[Source "ChessBase"]
[SourceDate "2017.10.13"]
[SourceVersion "1"]
[SourceVersionDate "2017.10.13"]
[SourceQuality "1"]

1. e4 e6 2. Nc3 d5 3. exd5 exd5 4. d4 Nf6 5. Bg5 Be7 6. Nf3 Bg4 7. Be2 c6 8. Ne5 Bxe2 9. Qxe2 0-0 10. 0-0 Re8 11. a3 Nbd7 12. f4 Nf8 13. Rae1 Qb6 14. Nd1 Qxd4+ 15. Kh1 Ne6 16. Rf3 Ne4 17. Bxe7 Rxe7 18. Rd3 Qb6 19. Rf1 Rae8 20. c3 f6 21. Ng4 N6c5 22. Rh3 Ng3+ 0-1

[Event "URU-chTB"]
[Site "Uruguay"]
[Date "2017.07.08"]
[Round "4.4"]
[White "Guidali, Leonardo"]
[Black "Leon Lacuesta, Diego"]
[Result "1-0"]
[WhiteElo "1662"]
[BlackElo "1412"]
[PlyCount "84"]
[EventDate "2017.07.07"]
[EventType "team-swiss"]
[EventRounds "5"]
[EventCountry "URU"]
[SourceTitle "EXT 2018"]
[Source "ChessBase"]
[SourceDate "2017.10.13"]
[SourceVersion "1"]
[SourceVersionDate "2017.10.13"]
[SourceQuality "1"]
[WhiteTeam "Trebejos IV"]
[BlackTeam "Cerro II"]
[WhiteTeamCountry "URU"]
[BlackTeamCountry "URU"]

1. e4 e5 2. Nf3 Nc6 3. Nc3 Bb4 4. d4 exd4 5. Nxd4 Bxc3+ 6. bxc3 Qf6 7. Bc4 d6 8. 0-0 Qg6 9. Qf3 Ne5 10. Qe2 Bg4 11. f3 Bh3 12. Bb3 Be6 13. Nxe6 fxe6 14. Qb5+ c6 15. Qxb7 Rd8 16. f4 Nd7 17. Qxc6 Ne7 18. Qc4 d5 19. exd5 exd5 20. Qd3 0-0 21. Qxg6 Nxg6 22. Bxd5+ Kh8 23. g3 Nf6 24. Be6 Rd6 25. f5 Ne5 26. Ba3 Rd2 27. Bxf8 Nfg4 28. f6 gxf6 29. Bxg4 Nxg4 30. h3 Kg8 31. hxg4 Kxf8 32. Rxf6+ Kg7 33. Rf2 Rd6 34. Raf1 Rd7 35. Rf5 Kg6 36. Kg2 Rd2+ 37. R1f2 Rd7 38. Kh3 Rc7 39. Kh4 h6 40. Rf6+ Kg7 41. Rf7+ Rxf7 42. Rxf7+ Kxf7 1-0

[Event "URU-ch Amateur"]
[Site "Colonia del Sacramento"]
[Date "2016.07.17"]
[Round "5.21"]
[White "Decia, Joaquin"]
[Black "Leon Lacuesta, Diego"]
[Result "1-0"]
[WhiteElo "1418"]
[BlackElo "1523"]
[PlyCount "123"]
[EventDate "2016.07.15"]
[EventType "swiss"]
[EventRounds "7"]
[EventCountry "URU"]
[SourceTitle "EXT 2024"]
[Source "ChessBase"]
[SourceDate "2023.10.10"]
[SourceVersion "1"]
[SourceVersionDate "2023.10.10"]
[SourceQuality "1"]

1. e4 e5 2. Nf3 Nc6 3. Bc4 Bb4 4. c3 Bc5 5. d4 Bd6 6. 0-0 b6 7. Bg5 f6 8. Bh4 Bb7 9. Qb3 Nce7 10. Nbd2 g5 11. Bg3 h5 12. dxe5 Bc5 13. exf6 Nxf6 14. Nxg5 d5 15. exd5 Nfxd5 16. Ne6 Qd7 17. Rfe1 Rg8 18. Bh4 Rg6 19. Nxc5 Qg4 20. g3 Qxh4 21. Nxb7 c6 22. Bxd5 cxd5 23. Qxd5 Kf8 24. Qf3+ Kg7 25. Nd6 Rf8 26. Rxe7+ Qxe7 27. Nf5+ Rxf5 28. Qxf5 h4 29. Nf3 hxg3 30. Qe5+ Qxe5 31. Nxe5 Re6 32. f4 gxh2+ 33. Kxh2 Kf6 34. Re1 Kf5 35. Kg3 Rd6 36. Rh1 Rd2 37. Rh2 Rd1 38. Rh5+ Ke4 39. Nc6 a6 40. f5 Rg1+ 41. Kh2 Rb1 42. b4 Rb2+ 43. Kg3 Rc2 44. f6 Rxc3+ 45. Kg4 Rxc6 46. Rf5 a5 47. f7 Rg6+ 48. Kh5 Kxf5 49. f8Q+ Rf6 50. Qc8+ Re6 51. bxa5 bxa5 52. Qc5+ Re5 53. Qf2+ Ke6+ 54. Kg6 a4 55. Qb6+ Kd5 56. Qb5+ Kd6 57. Qxa4 Kc5 58. Qc2+ Kd6 59. a4 Kd7 60. Qc3 Re7 61. a5 Re8 62. Qc4 1-0